Todos os participantes do BBB desde 2020 - Statistics

Estatísticas Gerais
  • Esse quiz foi jogado 337 vezes
    188 desde o último reset
  • A pontuação média é 62 de 110
Estatísticas das Respostas
Edição Categoria Participante % Correto
21 Pipoca Arthur Picoli
91%
20 Camarote Manu Gavassi
91%
20 Pipoca Guilherme Napolitano
90%
21 Camarote Lucas Penteado
90%
20 Camarote Babu Santana
89%
21 Pipoca Juliette Freire
88%
24 Pipoca Lucas Henrique (Buda)
88%
22 Pipoca Lucas Bissoli
87%
20 Camarote Lucas Chumbo
87%
20 Pipoca Lucas Galina
87%
24 Pipoca Lucas Luigi
87%
20 Camarote Felipe Prior
86%
24 Pipoca Davi
84%
21 Camarote Karol Conká
82%
20 Camarote Rafa Kalimann
81%
21 Pipoca Gilberto (Gil do Vigor)
80%
24 Pipoca Beatriz
79%
20 Pipoca Thelma
78%
20 Camarote Mari Gonzalez
77%
20 Casa de Vidro Daniel
76%
21 Camarote Fiuk
76%
20 Pipoca Marcela
74%
22 Camarote Jade Picon
71%
21 Camarote Nego Di
70%
23 Pipoca Sarah Aline
70%
21 Pipoca Sarah Andrade
70%
21 Camarote Projota
69%
20 Camarote Pyong Lee
69%
24 Pipoca Alane
68%
23 Camarote Bruna Griphao
68%
20 Camarote Bianca Andrade (Boca Rosa)
67%
21 Camarote Carla Diaz
66%
21 Camarote Viih Tube
66%
21 Pipoca Caio Afiune
65%
23 Camarote Fred Desimpedidos
65%
23 Camarote Fred Nicácio
65%
20 Casa de Vidro Ivy
65%
21 Camarote Camilla de Lucas
64%
23 Pipoca Gustavo Cowboy
63%
23 Pipoca Larissa
63%
22 Casa de Vidro Larissa Tomásia
63%
21 Camarote Rodolffo Matthaus
63%
22 Camarote Douglas Silva
62%
22 Casa de Vidro Gustavo Marsengo
62%
20 Pipoca Hadson (Hadybala)
62%
23 Camarote Gabriel Santana (Mosca)
61%
21 Pipoca Lumena
61%
22 Camarote Paulo André
61%
24 Camarote Wanessa Camargo
61%
24 Camarote Yasmin Brunet
61%
24 Pipoca Fernanda (Loba)
60%
23 Camarote Aline Wirley
59%
23 Pipoca Amanda
59%
20 Pipoca Flayslane
59%
23 Casa de Vidro Gabriel Tavares
59%
24 Pipoca Giovanna Pitel
59%
22 Camarote Pedro Scooby
58%
20 Camarote Petrix Barbosa
58%
22 Pipoca Eliezer
57%
22 Camarote Arthur Aguiar
54%
20 Pipoca Gizelly Bicalho
54%
24 Pipoca Matteus (Alegrete)
53%
22 Pipoca Vini
52%
24 Camarote Vinicius
52%
22 Camarote Linn da Quebrada
51%
24 Camarote MC Bin Laden
51%
23 Pipoca Bruno (Gaga)
50%
22 Pipoca Eslovênia
50%
24 Pipoca Giovanna Lima (Pezinho)
50%
24 Pipoca Isabelle
50%
22 Pipoca Natália
50%
21 Camarote Pocah
50%
22 Camarote Tiago Abravanel
50%
20 Pipoca Victor Hugo
50%
22 Pipoca Laís Caldas
49%
22 Camarote Maria
49%
21 Pipoca Kerline Farias
48%
21 Pipoca Thaís Braz
48%
22 Pipoca Bárbara Heck
47%
23 Camarote Cara de Sapato (Antônio)
47%
20 Camarote Gabi Martins
44%
23 Camarote Key Alves
43%
22 Camarote Naiara Azevedo
42%
24 Camarote Vanessa Lopes
42%
21 Pipoca Arcrebiano
41%
23 Camarote MC Guimê
41%
23 Camarote Domitila Barros
40%
24 Camarote Rodriguinho
40%
24 Pipoca Deniziane
38%
22 Pipoca Rodrigo Mussi
38%
21 Pipoca João Luiz
37%
22 Pipoca Jessilane
36%
23 Pipoca Cezar Black
34%
22 Camarote Bruna Gonçalves
33%
23 Casa de Vidro Paula
33%
23 Pipoca Ricardo (Rick)
32%
22 Pipoca Luciano Estevan
29%
24 Pipoca Michel
29%
24 Pipoca Raquele
28%
24 Pipoca Nizam
27%
24 Pipoca Juninho
24%
24 Pipoca Maycon
24%
23 Pipoca Marília
23%
23 Camarote Marvvila
21%
23 Pipoca Tina
21%
23 Pipoca Cristian (Topete)
18%
24 Pipoca Leidy Elen
17%
24 Pipoca Lucas Pizane
15%
24 Pipoca Thalyta
14%
24 Pipoca Marcus Vinicius
13%
Nenhum quiz correspondente encontrado
Distribuição das Pontuações
Porcentagem de Pessoas com Cada Pontuação
Percentil de Números Respondidos
Sua Pontuação Histórica
Você não jogou esse quiz desde o último reset